000 00654nam a22001935i 4500
001 151724
003 ES-MaACL
005 20230906204344.0
008 000821s1880 fr af |||| | fre d
040 _aCCPB | B
_bspa
_cCCPB | B
100 1 _aBaye, Joseph de
_cBaron de.
_9125866
245 1 2 _aL'archéologie préhistorique /
_cpar le Baron J. de Baye.
260 _aParis :
_bErnest Leroux,
_c1880 (
_eParis :
_fImpr. J. Claye)
300 _a416 p., VI h. de grab. :
_bil. ;
_c28 cm.
650 4 _aArqueología-
_yPrehistoria.
_9221721
752 _aFrancia -
_dParís
852 _aES-MaACL
_jB-763
_z-- Enc. pasta española
999 _c151724
_d151724